[Event "Chigorin Memorial"]
[Site "St Petersburg RUS"]
[Date "2012.10.29"]
[Round "3.78"]
[White "Tologontegin, Semetey"]
[Black "Hallaeva, Bahar"]
[Result "1/2-1/2"]
[WhiteTitle "FM"]
[BlackTitle "WFM"]
[WhiteElo "2338"]
[BlackElo "2139"]
[WhiteFideId "13800574"]
[BlackFideId "14000679"]
[EventDate "2012.10.27"]

1. d4 Nf6 2. Nf3 e6 3. e3 c5 4. Bd3 Nc6 5. b3 d5 6. Bb2 cxd4 7. exd4 Qc7 8. a3
Bd6 9. O-O O-O 10. Re1 b6 11. Nbd2 a5 12. Qe2 Bb7 13. Ne5 Rac8 14. Qf3 Nb8 15.
Qh3 Qe7 16. f3 h6 17. c4 Nbd7 18. f4 Rfe8 19. Re3 Nf8 20. Rg3 Kh8 21. Re1 N6h7
22. Qh5 Rc7 23. f5 Nf6 24. Qh3 Bc8 25. Ree3 exf5 26. Bxf5 Bxf5 27. Qxf5 Qe6 28.
Qd3 Qc8 29. h3 Rce7 30. Ref3 N8d7 31. cxd5 Nxe5 32. dxe5 Bxe5 33. Bxe5 Rxe5 34.
Rxf6 gxf6 35. d6 Qc1+ 36. Nf1 Qc5+ 37. Kh1 Rd5 38. d7 Rd8 39. Qf3 Rf5 40. Qe2
Qe5 41. Re3 Rxf1+ 42. Qxf1 Qxe3 43. Qxf6+ Kh7 44. Qxf7+ Kh8 45. Qf6+ Kh7 46.
Qf7+ Kh8 47. Qf6+ 1/2-1/2

[Event "Chigorin Memorial"]
[Site "St Petersburg RUS"]
[Date "2012.10.29"]
[Round "3.79"]
[White "Atabayev, Saparmyrat"]
[Black "Tsydypov, Zhamsaran"]
[Result "1-0"]
[BlackTitle "FM"]
[WhiteElo "2118"]
[BlackElo "2338"]
[WhiteFideId "14000571"]
[BlackFideId "4108566"]
[EventDate "2012.10.27"]

1. e4 c5 2. Nf3 a6 3. Nc3 Nc6 4. d4 cxd4 5. Nxd4 e5 6. Nb3 Bb4 7. Bc4 Nf6 8. O-O
b5 9. Bd5 Rb8 10. a4 Be7 11. axb5 axb5 12. Be3 O-O 13. Qe2 Nb4 14. Ba7 Nbxd5 15.
Bxb8 Nxc3 16. bxc3 d6 17. Ba7 Be6 18. Nd2 Qd7 19. Rfb1 Rc8 20. Qxb5 Rxc3 21.
Qxd7 Nxd7 22. Rb2 f5 23. f3 g6 24. Bf2 Bg5 25. Ra6 Be7 26. Kf1 Kf7 27. Ke1 d5
28. exd5 Bxd5 29. Rb5 Bc6 30. Rb3 Rxb3 31. Nxb3 Bb5 32. Ra7 Ke6 33. f4 Bb4+ 34.
Kd1 Bf1 35. fxe5 Nxe5 36. g3 h5 37. Bc5 Bxc5 38. Nxc5+ Kd5 39. Nb3 h4 40. Ra5+
Kd6 41. gxh4 Nc6 42. Ra8 Bg2 43. Rg8 Bf3+ 44. Kd2 Bh5 45. Ke3 Ne7 46. Rd8+ Ke5
47. Re8 Kd6 48. Nd2 Nd5+ 49. Kd4 Nb4 50. c4 Nc6+ 51. Ke3 f4+ 52. Ke4 g5 53. Rg8 1-0

[Event "Chigorin Memorial"]
[Site "St Petersburg RUS"]
[Date "2012.10.29"]
[Round "3.80"]
[White "Usmanov, Vasily"]
[Black "Gorjunov, Sergey2"]
[Result "1-0"]
[WhiteElo "2336"]
[BlackElo "2134"]
[WhiteFideId "4135741"]
[BlackFideId "4166590"]
[EventDate "2012.10.27"]

1. g3 Nf6 2. Bg2 c5 3. Nf3 g6 4. O-O Bg7 5. d4 cxd4 6. Nxd4 Nc6 7. e4 Nxd4 8.
Qxd4 d6 9. c4 O-O 10. Nc3 Be6 11. Qd3 Ng4 12. b3 Qa5 13. Bb2 Qh5 14. h3 Ne5 15.
Qd1 Qxd1 16. Raxd1 Rac8 17. Ba1 Nc6 18. Rd2 a6 19. Ne2 Bxa1 20. Rxa1 b5 21. cxb5
axb5 22. Nf4 Ne5 23. Nxe6 fxe6 24. f4 Nd7 25. b4 Rc4 26. a3 Rfc8 27. e5 Rc1+ 28.
Rxc1 Rxc1+ 29. Kf2 d5 30. Bf1 Nb6 31. Bxb5 Ra1 32. Rd3 Kf7 33. Ke3 Rg1 34. Kd4
Rc1 35. Rc3 Rd1+ 36. Kc5 Nc8 37. Be2 Rd2 38. Ba6 d4 39. Rd3 Rc2+ 40. Kb5 Na7+
41. Kb6 Nc6 42. b5 Nb8 43. Rxd4 1-0

[Event "Chigorin Memorial"]
[Site "St Petersburg RUS"]
[Date "2012.10.29"]
[Round "3.81"]
[White "Timofeeva, Ekaterina"]
[Black "Kozhabekov, Adilkhan"]
[Result "1-0"]
[WhiteTitle "WIM"]
[WhiteElo "2331"]
[BlackElo "2127"]
[WhiteFideId "4193172"]
[BlackFideId "13702858"]
[EventDate "2012.10.27"]

1. Nf3 Nf6 2. g3 b6 3. Bg2 Bb7 4. O-O c5 5. c4 e6 6. Nc3 Be7 7. Re1 O-O 8. e4 d6
9. d4 cxd4 10. Nxd4 Qc8 11. Be3 a6 12. Rc1 Nbd7 13. f4 g6 14. g4 e5 15. Nd5 Bd8
16. Nb3 Qb8 17. f5 Nxd5 18. cxd5 g5 19. h4 h6 20. hxg5 Bxg5 21. Nd2 Kg7 22. Nf3
f6 23. Qd2 Qd8 24. Kf2 Rc8 25. Rxc8 Bxc8 26. Rh1 Rh8 27. b4 b5 28. Rc1 Nb6 29.
Bf1 Bd7 30. Be2 Qe7 31. Nxg5 Nc4 32. Bxc4 hxg5 33. Bf1 Rh4 34. Qe2 Qd8 35. Bg2
Rh2 36. Qf3 a5 37. a3 axb4 38. axb4 Be8 39. Kg3 Rh4 40. Rh1 Rxh1 41. Bxh1 Qc7
42. Qe2 Qc3 43. Bf3 Qxb4 44. Qd2 Qa3 45. Qc1 Qd3 46. Bxg5 Qd4 47. Be3 Qd3 48.
Qc7+ Bf7 49. Bh6+ 1-0

[Event "Chigorin Memorial"]
[Site "St Petersburg RUS"]
[Date "2012.10.29"]
[Round "3.82"]
[White "Sarana, Alexey"]
[Black "Duzhakov, Ilya"]
[Result "0-1"]
[BlackTitle "FM"]
[WhiteElo "2118"]
[BlackElo "2330"]
[WhiteFideId "24133795"]
[BlackFideId "4192516"]
[EventDate "2012.10.27"]

1. e4 e6 2. d4 d5 3. Nc3 Bb4 4. e5 c5 5. a3 Bxc3+ 6. bxc3 Ne7 7. Qg4 Kf8 8. Nf3
Qa5 9. Bd2 Qa4 10. Ra2 b6 11. Qf4 h6 12. dxc5 Qxf4 13. Bxf4 bxc5 14. Be3 Nd7 15.
Bb5 Rb8 16. Bxd7 Rb1+ 17. Ke2 Ba6+ 18. Kd2 Rxh1 19. Rb2 Kg8 20. Bxc5 Ng6 21. Be8
Nf4 22. g3 Nh3 23. Bxa7 Kh7 24. Bxf7 Rf8 25. Bxe6 Nxf2 26. Rb8 Rxf3 27. Bg8+ Kg6
28. Rb6+ Kg5 29. Rxa6 Ne4+ 30. Ke2 Rxc3 31. Be3+ Kf5 32. Be6+ Kxe5 33. Bf4+ Kd4
34. Ra4+ Rc4 35. Be3+ Kc3 36. Ra7 Kxc2 37. Rxg7 Rxh2+ 38. Kf3 Nd2+ 39. Bxd2 Rxd2
40. Rd7 Rd3+ 41. Kg2 Rd2+ 42. Kh3 Rc5 43. Kh4 d4 44. g4 d3 45. Bf5 Kc3 46. a4
Rd1 47. Kh5 Rh1+ 48. Kg6 Rh3 49. g5 Rxf5 50. Kxf5 hxg5 51. a5 Rh6 52. Rc7+ Kb2
53. Kxg5 Rd6 54. Rb7+ Kc3 55. Rc7+ Kd4 56. a6 d2 57. a7 d1=Q 58. a8=Q Qg1+ 59.
Kh5 Qh2+ 60. Kg5 Qe5+ 0-1

[Event "Chigorin Memorial"]
[Site "St Petersburg RUS"]
[Date "2012.10.29"]
[Round "3.83"]
[White "Biriukov, Oleg V."]
[Black "Chehlov, Aleksander"]
[Result "1-0"]
[WhiteTitle "IM"]
[BlackTitle "FM"]
[WhiteElo "2327"]
[BlackElo "2124"]
[WhiteFideId "4123174"]
[BlackFideId "11600632"]
[EventDate "2012.10.27"]

1. d4 d5 2. c4 e6 3. Nc3 c5 4. cxd5 exd5 5. Nf3 Nc6 6. g3 Nf6 7. Bg2 Be7 8. O-O
Be6 9. dxc5 Bxc5 10. a3 O-O 11. b4 Bb6 12. Bg5 Re8 13. Na4 h6 14. Nxb6 axb6 15.
Be3 Bg4 16. Re1 Rxe3 17. fxe3 Qe7 18. Qb3 Re8 19. Rad1 Bc8 20. Nd2 Be6 21. Nf1
Ne5 22. Qc3 Nc4 23. Nd2 b5 24. Nxc4 bxc4 25. Rd4 b5 26. e4 dxe4 27. Bxe4 Nxe4
28. Rxe4 Ra8 29. Rd1 Qa7+ 30. Qe3 Qb7 31. Rxe6 fxe6 32. Qxe6+ Qf7 33. Qxf7+ Kxf7
34. Rd5 Rxa3 35. Rxb5 Rb3 36. Kf2 c3 37. Ke3 c2+ 38. Kd2 Rc3 39. Kc1 Rc4 40.
Rf5+ Ke6 41. Rf4 Rc7 42. b5 Kd6 43. b6 1-0

[Event "Chigorin Memorial"]
[Site "St Petersburg RUS"]
[Date "2012.10.29"]
[Round "3.84"]
[White "Mrykhin, Igor"]
[Black "Vuilleumier, Alexandre"]
[Result "0-1"]
[BlackTitle "IM"]
[WhiteElo "2110"]
[BlackElo "2326"]
[WhiteFideId "24168106"]
[BlackFideId "1305662"]
[EventDate "2012.10.27"]

1. e4 c5 2. d4 cxd4 3. c3 Nf6 4. e5 Nd5 5. Qxd4 e6 6. Bd3 Nc6 7. Qe4 f5 8. Qe2
Be7 9. Nf3 O-O 10. O-O d6 11. Rd1 Qc7 12. exd6 Bxd6 13. a4 Nf4 14. Bxf4 Bxf4 15.
g3 Bh6 16. Na3 e5 17. Nb5 Qe7 18. Bc4+ Kh8 19. Re1 e4 20. Rad1 Bd7 21. Nc7 Rad8
22. Nd5 Qc5 23. Nd4 Nxd4 24. cxd4 Qd6 25. Nc3 Qg6 26. a5 Rde8 27. d5 f4 28. Bb5
f3 29. Qf1 Bxb5 30. Qxb5 e3 31. Qf1 Qc2 32. Rc1 Qxb2 33. Na4 Qxf2+ 34. Qxf2
exf2+ 35. Kxf2 Bxc1 36. Rxc1 Re2+ 37. Kg1 Rg2+ 38. Kh1 Rd2 39. Nc3 Rc8 0-1

[Event "Chigorin Memorial"]
[Site "St Petersburg RUS"]
[Date "2012.10.29"]
[Round "3.85"]
[White "Buchenau, Frank"]
[Black "Nazaretyan, Tigran"]
[Result "1-0"]
[WhiteTitle "FM"]
[WhiteElo "2324"]
[BlackElo "2121"]
[WhiteFideId "4604350"]
[BlackFideId "24162345"]
[EventDate "2012.10.27"]

1. e4 c5 2. d3 Nc6 3. f4 d5 4. Be2 e5 5. exd5 Qxd5 6. Nf3 exf4 7. Bxf4 Nf6 8.
O-O Be7 9. Nc3 Qd8 10. Qd2 O-O 11. Rae1 b6 12. Ne5 Nd4 13. Bd1 Bb7 14. Qf2 Ne6
15. Bg3 Nd4 16. a4 a6 17. Nc4 b5 18. Na5 Bc8 19. Bf3 Ng4 20. Qd2 Bg5 21. Bf4
Nxf3+ 22. Rxf3 Bxf4 23. Qxf4 Qd4+ 24. Qxd4 cxd4 25. Ne2 Re8 26. h3 Ne5 27. Rff1
bxa4 28. Nxd4 Bd7 29. Nb7 f6 30. Nc5 Red8 31. Nf3 Ng6 32. Nd2 Be8 33. Nc4 Rac8
34. Nb7 Rd5 35. Nbd6 Rd8 36. Rxe8+ Rxe8 37. Nxe8 Ne5 38. Rxf6 Nxc4 39. dxc4 Re5
40. Rxa6 Rxe8 41. Kf2 Rb8 42. Ke3 Rxb2 43. Kd3 Ra2 44. Ra7 Ra3+ 45. c3 Ra2 46.
c5 Rxg2 47. c6 Rg3+ 48. Kd4 Rf3 49. Ra8+ Kf7 50. c7 Rf4+ 51. Kd5 Rf5+ 52. Kd6
Rf6+ 53. Kd7 Rf3 54. Rf8+ Kxf8 55. c8=Q+ Kf7 56. Qe8+ 1-0

[Event "Chigorin Memorial"]
[Site "St Petersburg RUS"]
[Date "2012.10.29"]
[Round "3.86"]
[White "Skvortsov, Alexander"]
[Black "Leontiev, Aleksandr V."]
[Result "1-0"]
[BlackTitle "IM"]
[WhiteElo "2110"]
[BlackElo "2321"]
[WhiteFideId "24170038"]
[BlackFideId "4122968"]
[EventDate "2012.10.27"]

1. e4 Nf6 2. e5 Nd5 3. d4 d6 4. Nf3 dxe5 5. Nxe5 c6 6. Be2 Nd7 7. Nf3 b5 8. O-O
e6 9. b3 b4 10. a3 c5 11. Bb2 Bb7 12. Bb5 a6 13. Ba4 Nb6 14. axb4 cxb4 15. c4
bxc3 16. Nxc3 Bd6 17. d5 exd5 18. Qd4 Qf6 19. Rfe1+ Kf8 20. Qg4 h5 21. Qh3 Ne5
22. Nxe5 Bxe5 23. Nxd5 Nxd5 24. Rxe5 Qb6 25. Rxh5 Rxh5 26. Qxh5 Kg8 27. Rd1 Qe6
28. Qe5 Qg6 29. Qg3 Qh6 30. Bc1 Qh5 31. Re1 Rc8 32. Qg5 Qh7 33. Bd7 f6 34. Qg4
Rd8 35. Bf5 g6 36. Bxg6 Qg7 37. Qe6+ Kh8 38. Qh3+ Kg8 39. Qe6+ Kh8 40. Qe8+ Rxe8
41. Rxe8+ Qg8 42. Rxg8+ Kxg8 43. f3 Nc3 44. Bb2 Ne2+ 45. Kf2 Nf4 46. Bf5 Kf7 47.
g4 Bd5 48. b4 Bc4 49. Ke3 Ng2+ 50. Kd4 Be2 51. Be4 Ke6 52. Bd5+ Kd6 53. Bc1 Nh4
54. Bf4+ Kd7 55. Ke3 Ng2+ 56. Ke4 Ne1 57. Kf5 Ke7 58. Be3 Nxf3 59. Bc5+ Ke8 60.
h3 Ng5 61. h4 Nf3 62. h5 Ne5 63. h6 Nf7 64. h7 Bd3+ 65. Kxf6 1-0

[Event "Chigorin Memorial"]
[Site "St Petersburg RUS"]
[Date "2012.10.29"]
[Round "3.87"]
[White "Bazeev, German"]
[Black "Bratus, Petr P"]
[Result "1-0"]
[WhiteElo "2319"]
[BlackElo "2114"]
[WhiteFideId "24119350"]
[BlackFideId "4168682"]
[EventDate "2012.10.27"]

1. Nf3 Nf6 2. c4 c5 3. Nc3 Nc6 4. e3 e6 5. d4 d5 6. cxd5 exd5 7. Bb5 a6 8. Bxc6+
bxc6 9. Ne5 Qc7 10. Qa4 Bb7 11. O-O Bd6 12. Nf3 O-O 13. dxc5 Bxc5 14. Bd2 Rfe8
15. Rac1 Bd6 16. Rfd1 Rac8 17. Ne2 Ne4 18. Ng3 Nxg3 19. hxg3 Re4 20. Qc2 h6 21.
Bc3 c5 22. Nd2 Re6 23. Qa4 Rg6 24. Nf1 Qe7 25. Re1 h5 26. e4 dxe4 27. Ne3 Qg5
28. Rcd1 Rf8 29. Rd2 f5 30. Qb3+ Rf7 31. Red1 Qe7 32. Nxf5 Qc7 33. Nxd6 Rxd6 34.
Rxd6 e3 35. Rd8+ Kh7 36. Qc2+ 1-0

[Event "Chigorin Memorial"]
[Site "St Petersburg RUS"]
[Date "2012.10.29"]
[Round "3.88"]
[White "Cherednichenko, Svetlana"]
[Black "Kostyuchenko, Vladimir"]
[Result "1/2-1/2"]
[WhiteTitle "WGM"]
[WhiteElo "2311"]
[BlackElo "2101"]
[WhiteFideId "14105551"]
[BlackFideId "4126084"]
[EventDate "2012.10.27"]

1. d4 Nf6 2. Nf3 e6 3. e3 c5 4. Bd3 d5 5. b3 Nbd7 6. Bb2 Be7 7. Nbd2 O-O 8. O-O
b6 9. Ne5 Bb7 10. Qf3 Nxe5 11. dxe5 Nd7 12. Qh3 g6 13. f4 Re8 14. Rf2 f5 15.
exf6 Bxf6 16. Bxf6 Qxf6 17. Raf1 Re7 18. Nf3 Rc8 19. c4 d4 20. exd4 Bxf3 21.
Qxf3 cxd4 22. b4 Kg7 23. Re2 e5 24. Rfe1 Rce8 25. Qe4 Qd6 26. a3 a5 27. h4 axb4
28. axb4 Qxb4 29. f5 Nf6 30. Qf3 e4 31. Bxe4 gxf5 32. Qxf5 Nxe4 33. Rxe4 Rxe4
34. Qg5+ Kh8 35. Qf6+ Kg8 36. Qg5+ Kh8 37. Qf6+ Kg8 38. Qg5+ Kh8 1/2-1/2

[Event "Chigorin Memorial"]
[Site "St Petersburg RUS"]
[Date "2012.10.29"]
[Round "3.90"]
[White "Pershin, Denis"]
[Black "Ulyanin, Sergei"]
[Result "1-0"]
[BlackTitle "FM"]
[WhiteElo "2100"]
[BlackElo "2308"]
[WhiteFideId "24165506"]
[BlackFideId "24105805"]
[EventDate "2012.10.27"]

1. e4 c5 2. Nf3 Nc6 3. d4 cxd4 4. Nxd4 Nf6 5. Nc3 e5 6. Ndb5 d6 7. Bg5 a6 8. Na3
b5 9. Nd5 Be7 10. Bxf6 Bxf6 11. c4 b4 12. Nc2 a5 13. Qf3 Be6 14. Rd1 Bg5 15. h4
Bxh4 16. c5 Be7 17. Bb5 Rc8 18. Nxe7 Qxe7 19. Rxd6 Qb7 20. Qd3 O-O 21. Ba6 Qe7
22. Bxc8 Rxc8 23. O-O h5 24. Rd1 h4 25. Qa6 Nd4 26. Nxd4 exd4 27. Rc6 Rd8 28.
Qxa5 Qg5 29. f4 Qe7 30. Rd6 Rxd6 31. cxd6 Qxd6 32. Qe5 Qa6 33. Qxd4 f6 34. Qxb4
h3 35. Rd8+ Kh7 36. Qf8 hxg2 37. Qh8+ Kg6 38. f5+ Kg5 39. Qxg7+ Kf4 40. Qxg2 Bc4
41. Qf2+ Ke5 42. Qc5+ Kxe4 43. Rd4+ Kf3 44. Qxc4 1-0

[Event "Chigorin Memorial"]
[Site "St Petersburg RUS"]
[Date "2012.10.29"]
[Round "3.91"]
[White "Barhudarian, Rafael"]
[Black "Aseev, Vladimir"]
[Result "1/2-1/2"]
[WhiteTitle "FM"]
[WhiteElo "2305"]
[BlackElo "2095"]
[WhiteFideId "4182685"]
[BlackFideId "24121371"]
[EventDate "2012.10.27"]

1. e4 e5 2. Nf3 Nc6 3. Bb5 Bb4 4. O-O Nge7 5. c3 Ba5 6. d4 exd4 7. cxd4 d5 8.
exd5 Qxd5 9. Qa4 O-O 10. Nc3 Qh5 11. Re1 Bg4 12. Ne5 Bb6 13. Nxg4 Qxg4 14. d5
Qf5 15. Qf4 Qxf4 16. Bxf4 Ng6 17. dxc6 Nxf4 18. cxb7 Rab8 19. Ba6 Ne6 20. b4
Rfd8 21. Rad1 Kf8 22. a4 c6 23. g3 Rxd1 24. Rxd1 Bd4 25. Ne2 Be5 26. f4 Bf6 27.
Rc1 Nd8 28. b5 c5 29. Rxc5 Nxb7 30. Rc7 Na5 31. Rxa7 Re8 32. b6 Bd8 33. Kg2 Bxb6
34. Rd7 g6 35. Nc3 Rd8 36. Rxd8+ Bxd8 37. f5 Kg7 38. Kf3 Kf6 39. fxg6 fxg6 40.
Ke4 Ke6 41. Nb5 Nc6 42. Bc8+ Kf6 43. Bb7 Na5 44. Bd5 h5 45. h3 Bb6 46. Nd4 Bc7
47. Ne2 Bb6 48. Nf4 Bf2 49. Ne2 Bb6 50. Nd4 Bc7 51. g4 Bb8 52. Nf3 hxg4 53. hxg4
g5 54. Nd4 Bf4 55. Ne6 Bd6 56. Nd4 Bf4 57. Nf3 Bc7 58. Kd4 Bb6+ 59. Kd3 Bc5 60.
Kc3 Be7 61. Kd4 Bb4 62. Ng1 Bd6 63. Ne2 Ba3 64. Ng3 Bb2+ 65. Ke4 Bc3 66. Nh5+
Kg6 67. Be6 Be1 68. Kd5 Nb3 69. Kc4 Na5+ 70. Kc5 Bf2+ 71. Kd6 Nb7+ 72. Ke7 Bc5+
73. Kd7 Bb4 74. Bd5 Nc5+ 75. Ke8 Nxa4 76. Be4+ Kh6 77. Kf7 Nc5 78. Bc2 Nd7 79.
Ke6 Nf8+ 80. Kf5 Bc3 81. Ng3 Ng6 82. Ke6 Kg7 83. Nf5+ Kf8 84. Ne3 Ne5 85. Nd5
Bb2 86. Bf5 Nc6 87. Bg6 Kg7 88. Be8 Nd4+ 89. Ke5 Nf3+ 90. Kf5 Bc1 91. Nc7 Kf8
92. Bh5 Ke7 93. Nd5+ Kd6 94. Nf6 Nd4+ 95. Ke4 Ne6 96. Bg6 Nc5+ 97. Kf5 Ne6 98.
Bf7 Nd4+ 99. Ke4 Ke7 100. Kxd4 1/2-1/2

[Event "Chigorin Memorial"]
[Site "St Petersburg RUS"]
[Date "2012.10.29"]
[Round "3.93"]
[White "Lobanov, Sergei"]
[Black "Molchanova, Tatjana"]
[Result "1-0"]
[BlackTitle "WGM"]
[WhiteElo "2081"]
[BlackElo "2303"]
[WhiteFideId "24183750"]
[BlackFideId "4132203"]
[EventDate "2012.10.27"]

1. e4 c6 2. d4 d5 3. e5 Bf5 4. Nc3 e6 5. g4 Bg6 6. Nge2 Qh4 7. h3 Bb4 8. Bg2 h5
9. Nf4 Ne7 10. Be3 hxg4 11. Nxg6 Nxg6 12. Qd2 gxh3 13. Rxh3 Qe7 14. Rxh8+ Nxh8
15. O-O-O Nd7 16. f4 Nb6 17. Qd3 Nc4 18. Rh1 O-O-O 19. Bh3 Nxe3 20. Qxe3 Bxc3
21. Qxc3 Ng6 22. Qg3 Qb4 23. c3 Qc4 24. Bxe6+ fxe6 25. Qxg6 Rd7 26. Qxe6 Qd3 27.
Qh3 Qe4 28. f5 Kc7 29. Rf1 Rf7 30. Qf3 Qxf3 31. Rxf3 Kd8 32. Kd2 Ke7 33. Ke3 Rf8
34. Kf4 Rh8 35. Rg3 Kf8 36. e6 Rh2 37. Ke5 Rxb2 38. Kd6 Re2 39. Rf3 c5 40. f6
gxf6 41. Rxf6+ Kg7 42. Rf7+ Kg6 43. Rxb7 cxd4 44. cxd4 Rxa2 45. e7 Re2 46. Rb8 1-0

[Event "Chigorin Memorial"]
[Site "St Petersburg RUS"]
[Date "2012.10.29"]
[Round "3.94"]
[White "Martynov, Pavel2"]
[Black "Gogolev, Artem"]
[Result "1-0"]
[WhiteElo "2303"]
[BlackElo "2090"]
[WhiteFideId "4122186"]
[BlackFideId "4116615"]
[EventDate "2012.10.27"]

1. Nf3 e6 2. g3 b6 3. Bg2 Bb7 4. c4 Nf6 5. O-O Be7 6. d4 O-O 7. d5 exd5 8. Nh4
c6 9. cxd5 Nxd5 10. Nf5 Nc7 11. Nc3 d5 12. e4 Bf6 13. Bf4 Nd7 14. Re1 dxe4 15.
Nxe4 Nd5 16. Qg4 Nxf4 17. gxf4 h5 18. Qxh5 g6 19. Qh6 1-0

[Event "Chigorin Memorial"]
[Site "St Petersburg RUS"]
[Date "2012.10.29"]
[Round "3.95"]
[White "Trapeznikova, Darya"]
[Black "Ageichenko, Genadi A"]
[Result "0-1"]
[BlackTitle "IM"]
[WhiteElo "2072"]
[BlackElo "2301"]
[WhiteFideId "24121118"]
[BlackFideId "4105222"]
[EventDate "2012.10.27"]

1. d4 d5 2. c4 c6 3. Nf3 Nf6 4. Nc3 dxc4 5. a4 Bf5 6. Ne5 Nbd7 7. Nxc4 Qc7 8. g3
e5 9. dxe5 Nxe5 10. Bf4 Nfd7 11. Qd4 f6 12. Rd1 Bc5 13. Bxe5 fxe5 14. Nd6+ Bxd6
15. Qxd6 Qxd6 16. Rxd6 O-O-O 17. e4 Kc7 18. Rd2 Be6 19. Bd3 Nc5 20. Bc2 Bc4 21.
f4 Ne6 22. f5 Nd4 23. Kf2 Nxf5 24. Rxd8 Rxd8 25. exf5 Rd2+ 26. Ke3 Rxc2 27. Ke4
Rxc3 0-1

[Event "Chigorin Memorial"]
[Site "St Petersburg RUS"]
[Date "2012.10.29"]
[Round "3.97"]
[White "Popelyshev, Igor V."]
[Black "Papp, Petra"]
[Result "1/2-1/2"]
[BlackTitle "WGM"]
[WhiteElo "2071"]
[BlackElo "2298"]
[WhiteFideId "24116610"]
[BlackFideId "739049"]
[EventDate "2012.10.27"]

1. e4 e5 2. Nf3 Nc6 3. Bb5 a6 4. Ba4 Nf6 5. O-O b5 6. Bb3 Bc5 7. Nxe5 Nxe5 8. d4
Bxd4 9. Qxd4 d6 10. f4 Nc6 11. Qd3 O-O 12. Nc3 Bb7 13. Bd2 Nb4 14. Qf3 c5 15.
Nd5 Re8 16. Bxb4 cxb4 17. Rfe1 a5 18. e5 Nxd5 19. Bxd5 Bxd5 20. Qxd5 dxe5 21.
Rxe5 Rxe5 22. Qxe5 Qb6+ 23. Kf1 Qc6 24. Re1 h6 25. Qe4 Rc8 26. Qxc6 Rxc6 27. Re2
Kh7 28. Ke1 Kg6 29. Kd1 f6 30. Re7 Kf5 31. Rxg7 Kxf4 32. Rg3 f5 33. Kd2 Rd6+ 34.
Ke2 Re6+ 35. Kd2 Rd6+ 36. Ke2 Rd4 37. Rg6 Re4+ 38. Kd2 h5 39. Rg3 h4 40. Rh3 Kg4
41. Rd3 Re5 42. Rf3 f4 43. h3+ Kf5 44. c3 bxc3+ 45. Rxc3 Ke4 46. Ke2 Rg5 47. Kf2
Rg3 48. Rxg3 fxg3+ 49. Ke2 Kd4 50. Kd2 Kc4 51. Kc2 Kc5 52. Kc1 Kd5 53. Kd1 Ke5
54. Ke1 Kf5 55. Kd2 Ke4 56. Ke2 Kd5 57. Kd1 Kd6 58. Kd2 Ke6 59. Ke2 Kf6 60. Kd2
Kf5 61. Kd1 Ke5 62. Ke1 Kd4 63. Kd2 Kc4 64. Kc2 Kc5 65. Kc1 a4 66. a3 Kc4 67.
Kc2 b4 68. axb4 Kxb4 69. Kd2 Kb3 70. Kc1 a3 71. bxa3 Kxa3 72. Kd1 Kb3 73. Ke2
Kc2 74. Kf1 Kd3 75. Kg1 Ke3 76. Kh1 Kf2 1/2-1/2

[Event "Chigorin Memorial"]
[Site "St Petersburg RUS"]
[Date "2012.10.29"]
[Round "3.98"]
[White "Suvorov, Aleksandr"]
[Black "Vavulin, Maksim"]
[Result "0-1"]
[WhiteElo "2065"]
[BlackElo "2293"]
[WhiteFideId "24140953"]
[BlackFideId "4169530"]
[EventDate "2012.10.27"]

1. g3 e5 2. c4 Nc6 3. Bg2 f5 4. Nc3 Nf6 5. e3 e4 6. d4 Nb4 7. Bf1 c6 8. a3 Na6
9. b4 Nc7 10. d5 a5 11. b5 cxd5 12. cxd5 Bd6 13. Bc4 O-O 14. h3 Be5 15. Bb2 Kh8
16. Nge2 Nce8 17. a4 Nd6 18. Ba2 Qe8 19. Rc1 Nf7 20. Ba3 d6 21. h4 Bd7 22. Nf4
Rc8 23. Nce2 Qe7 24. Nd4 Rxc1 25. Qxc1 Bxd4 26. exd4 Rc8 27. Qd2 e3 28. Qxe3
Qxe3+ 29. fxe3 Rc3 30. Bxd6 Nxd6 31. O-O Rxe3 32. Ne6 Rxg3+ 33. Kh2 Nde4 34.
Rxf5 Ng4+ 35. Kh1 Nef2+ 36. Rxf2 Nxf2+ 37. Kh2 Ra3 38. Bb1 Ng4+ 39. Kg2 Ne3+ 40.
Kf2 Nxd5 41. Nc5 Nf6 42. Nxb7 Rxa4 0-1

[Event "Chigorin Memorial"]
[Site "St Petersburg RUS"]
[Date "2012.10.29"]
[Round "3.100"]
[White "Potyavin, Igor"]
[Black "Mirzoeva, Elmira"]
[Result "0-1"]
[BlackTitle "WGM"]
[WhiteElo "2049"]
[BlackElo "2283"]
[WhiteFideId "4188233"]
[BlackFideId "4127951"]
[EventDate "2012.10.27"]

1. d4 d5 2. Nf3 Nf6 3. c4 c6 4. e3 Bf5 5. Nc3 e6 6. Be2 h6 7. O-O Nbd7 8. Bd2
Bd6 9. Qb3 Qe7 10. cxd5 exd5 11. Rac1 O-O 12. Na4 Ne4 13. Bb4 Bg4 14. Bxd6 Nxd6
15. Qd1 Bxf3 16. Bxf3 f5 17. Nc5 Nf6 18. Nd3 Qd8 19. Ne5 Nfe4 20. Be2 Qa5 21. f3
Ng5 22. Qb3 Rfe8 23. Rc5 Qb6 24. Qc2 f4 25. exf4 Ne6 26. Rd1 Nxf4 27. Bd3 Rxe5
28. Bh7+ Kf8 29. dxe5 Nc4 30. Re1 Qxc5+ 31. Kh1 Qd4 0-1

[Event "Chigorin Memorial"]
[Site "St Petersburg RUS"]
[Date "2012.10.29"]
[Round "3.101"]
[White "Faizrakhmanov, Ramil"]
[Black "Zamyshlyaev, Anatoly"]
[Result "1-0"]
[WhiteElo "2283"]
[BlackElo "2080"]
[WhiteFideId "24103209"]
[BlackFideId "4199308"]
[EventDate "2012.10.27"]

1. d4 e6 2. c4 d5 3. Nf3 c5 4. cxd5 exd5 5. Nc3 Nf6 6. g3 Be7 7. Bg2 O-O 8. O-O
Nc6 9. dxc5 Bxc5 10. Na4 Bb6 11. Nxb6 axb6 12. b3 Bf5 13. Bb2 Be4 14. Qd2 Qe7
15. Rfd1 Rfd8 16. Nd4 Bxg2 17. Nf5 Qe4 18. Qg5 Ne8 19. Bxg7 Qxf5 20. Qxf5 Be4
21. Qg5 Nxg7 22. f3 Bf5 23. h4 h5 24. g4 hxg4 25. fxg4 Be4 26. h5 Rd6 27. Rd2
Re8 28. Rf1 Re5 29. Qh4 Ree6 30. Rf2 Ne5 31. Rd1 Rh6 32. Qg3 Nxg4 33. Qxg4 Rxh5
34. Qxe4 Rg6+ 35. Qxg6 fxg6 36. Rf6 Re5 37. Kf2 g5 38. Rg1 Ne6 39. Rh1 Kg7 40.
Rhh6 Nf4 41. e3 Nd3+ 42. Ke2 Nc5 43. Kf3 g4+ 44. Kxg4 Rxe3 45. Rfg6+ Kf7 46.
Rxb6 1-0

[Event "Chigorin Memorial"]
[Site "St Petersburg RUS"]
[Date "2012.10.29"]
[Round "3.102"]
[White "Gantsevich, Aleksei"]
[Black "Turikov, Viktor"]
[Result "1-0"]
[BlackTitle "FM"]
[WhiteElo "2046"]
[BlackElo "2270"]
[WhiteFideId "24131610"]
[BlackFideId "4107810"]
[EventDate "2012.10.27"]

1. e4 b6 2. d4 Bb7 3. Bd3 Nc6 4. c3 e5 5. d5 Nce7 6. Nf3 Ng6 7. O-O Nf6 8. Nbd2
Be7 9. Nc4 d6 10. Ne3 O-O 11. Nf5 Nd7 12. Nxe7+ Nxe7 13. Be3 h6 14. g4 Bc8 15.
h3 Ng6 16. Qd2 Qf6 17. Kg2 Nf4+ 18. Bxf4 exf4 19. Rfe1 Re8 20. Bb5 Re7 21. Bxd7
Bxd7 22. Nd4 Rae8 23. f3 h5 24. Qf2 g6 25. Rh1 Kg7 26. Rag1 Rh8 27. Kf1 Re5 28.
Qg2 Qd8 29. Qd2 Qc8 30. Qxf4 Qa6+ 31. Kf2 hxg4 32. hxg4 Ree8 33. Nf5+ Bxf5 34.
gxf5 Qc4 35. Qg4 Rhg8 36. fxg6 f6 37. Rh7+ 1-0